Statistics for Paladins champions

Click here to take the quiz!

General Stats

  • This quiz has been taken 242 times
  • The average score is 35 of 54

Answer Stats

Answer% Correct
Viktor
86%
Ash
81%
Androxus
79%
Fernando
79%
Maeve
79%
Ruckus
77%
Seris
77%
Barik
76%
Lex
76%
Zhin
76%
Bomb King
74%
Grover
74%
Inara
74%
Makoa
74%
Terminus
74%
Khan
72%
Mal'Damba
72%
Pip
72%
Skye
72%
Atlas
71%
Strix
71%
Tyra
71%
Io
70%
Torvald
70%
Ying
70%
Evie
69%
Jenos
68%
Kinessa
68%
Furia
66%
Lian
66%
Raum
66%
Cassie
65%
Vivian
64%
Drogoz
63%
Talus
62%
Yagorath
61%
Koga
60%
Corvus
58%
Willo
58%
Grohk
57%
Sha Lin
57%
Vora
56%
Betty La Bomba
54%
Buck
54%
Dredge
54%
Imani
54%
Moji
53%
Tiberius
53%
Azaan
52%
VII
52%
Vatu
51%
Rei
47%
Octavia
44%
Saati
37%

Score Distribution

Percentile by Number Answered

Percent of People with Each Score

Your Score History

You have not taken this quiz